NFL : All-Time Receiving Yards Quiz - Statistics

General Stats
  • This quiz has been taken 580 times
  • The average score is 10 of 18
Answer Stats
Hint Answer % Correct
1 22,895 Rec Yards Jerry Rice
99%
3. 15,292 Rec Yards Randy Moss
93%
2. 15,934 Rec Yards Terrell Owens
78%
9. 14,100 Rec Yards Andre Johnson
77%
15. 13,366 Rec Yards Larry Fitzgerald
72%
6. 14,934 Rec Yards Tim Brown
66%
7. 14,580 Rec Yards Marvin Harrison
64%
18. 13,089 Rec Yards Steve Largent
56%
11. 13,932 Rec Yards Steve Smith
52%
5. 15,127 Rec Yards Tony Gonzalez
52%
12. 13,899 Rec Yards Cris Carter
50%
8. 14,345 Rec Yards Reggie Wayne
48%
4. 15,208 Rec Yards Isacc Bruce
45%
14. 13,382 Rec Yards Torry Holt
41%
16. 13,198 Rec Yards Andre Reed
36%
17. 13,195 Rec Yards Anquan Boldin
20%
13. 13,777 Rec Yards Henry Ellard
9%
10. 14,004 Rec Yards James Loften
3%
No matching quizzes found
Score Distribution
Percent of People with Each Score
Percentile by Number Answered
Your Score History
You have not taken this quiz